[Event "BL 1112 SF Katernberg - USV TU Dresden"]
[Site "?"]
[Date "2011.12.10"]
[Round "6.8"]
[White "Scholz, Christian"]
[Black "Andresen, Steffen"]
[Result "1-0"]
[WhiteElo "2387"]
[BlackElo "2298"]
[PlyCount "103"]
[EventDate "2011.??.??"]

1. e4 c5 2. Nf3 Nc6 3. d4 cxd4 4. Nxd4 Nf6 5. Nc3 d6 6. Bg5 e6 7. Qd2 a6 8.
O-O-O h6 9. Be3 Qc7 10. f3 Na5 11. Nb3 b5 12. Qf2 Rb8 13. Nxa5 Qxa5 14. Kb1 b4
15. Ne2 e5 16. Nc1 Be6 17. g4 d5 18. Ba7 Rb7 19. Nb3 Qc7 20. exd5 Nxd5 21. Bc5
Nc3+ 22. bxc3 Bxb3 23. cxb3 Bxc5 24. Qc2 O-O 25. Bxa6 Ra7 26. cxb4 Bxb4 27.
Qxc7 Rxc7 28. Rd5 Re8 29. Bb5 Ree7 30. Rc1 Rxc1+ 31. Kxc1 g6 32. Rd7 Re6 33.
Bc4 Rf6 34. Bd5 Kf8 35. Kc2 Ke8 36. Rb7 Rf4 37. Be4 Bd6 38. b4 f5 39. gxf5 gxf5
40. Bc6+ Kf8 41. b5 Rh4 42. Kb3 Rxh2 43. a4 Rh4 44. b6 Rb4+ 45. Kc3 Rb1 46. Bb5
e4 47. fxe4 Be5+ 48. Kd3 f4 49. Rd7 Re1 50. Rd5 Re3+ 51. Kc2 Rxe4 52. Rxe5 1-0

[Event "BL 1112 SV Mülheim Nord - SK König Tege"]
[Site "?"]
[Date "2011.12.10"]
[Round "6.1"]
[White "Rabiega, Robert"]
[Black "Fridman, Daniel"]
[Result "1/2-1/2"]
[WhiteElo "2501"]
[BlackElo "2652"]
[PlyCount "40"]
[EventDate "2011.??.??"]

1. e4 d6 2. d4 Nf6 3. Nd2 g6 4. Ngf3 Bg7 5. Bc4 Nxe4 6. Nxe4 d5 7. Bd3 dxe4 8.
Bxe4 O-O 9. O-O Nd7 10. c3 c5 11. Re1 cxd4 12. Nxd4 Nc5 13. Bc2 Qc7 14. Bg5 Ne6
15. Nxe6 Bxe6 16. Bb3 Bxb3 17. Qxb3 e6 18. Rad1 h6 19. Be3 b6 20. Qa4 Rfd8
1/2-1/2

[Event "BL 1112 SV Mülheim Nord - SK König Tege"]
[Site "?"]
[Date "2011.12.10"]
[Round "6.2"]
[White "Landa, Konstantin"]
[Black "Stern, Rene"]
[Result "1-0"]
[WhiteElo "2639"]
[BlackElo "2506"]
[PlyCount "119"]
[EventDate "2011.??.??"]

1. e4 e5 2. Nf3 Nc6 3. d4 exd4 4. Nxd4 Nf6 5. Nxc6 bxc6 6. e5 Qe7 7. Qe2 Nd5 8.
c4 Ba6 9. b3 g6 10. Ba3 Qh4 11. Bb2 Bb4+ 12. Nd2 Nc3 13. Qe3 Ne4 14. g3 Bxd2+
15. Qxd2 Nxd2 16. gxh4 Nxf1 17. e6 f6 18. Rxf1 d6 19. Bxf6 O-O 20. Bg5 Rae8 21.
e7 Rf5 22. O-O-O Kf7 23. Rg1 h6 24. Bxh6 Rxe7 25. f4 Re2 26. Rd2 Rxd2 27. Kxd2
d5 28. c5 d4 29. b4 Bc4 30. Re1 Be6 31. Bg5 Rd5 32. a3 a6 33. Re4 Rd7 34. Re5
Bg4 35. Bh6 Rd5 36. Re1 Be6 37. Bg5 Rd7 38. Re5 Bg4 39. a4 Be6 40. h5 gxh5 41.
f5 Bb3 42. a5 Bc4 43. Bh4 Kf8 44. f6 Bf7 45. Rg5 Rd8 46. Bg3 Rd7 47. Kd3 Bg8
48. Rxh5 Bh7+ 49. Kd2 d3 50. Be5 Bg6 51. Rg5 Kf7 52. h4 Be4 53. Rg7+ Ke6 54.
Rxd7 Kxd7 55. Bxc7 Bg6 56. Be5 Ke6 57. Bc3 Kd5 58. Ke3 Kc4 59. Be1 Kd5 60. Kf4
1-0

[Event "BL 1112 SV Mülheim Nord - SK König Tege"]
[Site "?"]
[Date "2011.12.10"]
[Round "6.4"]
[White "Berelowitsch, Alexander"]
[Black "Muse, Mladen"]
[Result "1-0"]
[WhiteElo "2563"]
[BlackElo "2443"]
[PlyCount "113"]
[EventDate "2011.??.??"]

1. e4 g6 2. d4 Bg7 3. Nc3 d6 4. f4 Nf6 5. Nf3 O-O 6. Bd3 Na6 7. O-O c5 8. d5
Bg4 9. Qe2 Nc7 10. Bd2 e6 11. h3 exd5 12. hxg4 c4 13. Bxc4 dxc4 14. g5 Ng4 15.
Rad1 b5 16. a3 f5 17. gxf6 Nxf6 18. Nxb5 Nxb5 19. Qxc4+ Kh8 20. Qxb5 Nxe4 21.
Be3 Ng3 22. Rfe1 Rb8 23. Qd3 Rxb2 24. Ng5 Qf6 25. Bc1 Nf5 26. Bxb2 Qxb2 27. Qb3
h5 28. Nf7+ Rxf7 29. Qxf7 Qb6+ 30. Kh1 Qf2 31. Re8+ Kh7 32. Re6 Nh4 33. Rg1 Qg3
34. Rxd6 Nf5 35. Rd3 Qxf4 36. Qxa7 h4 37. Re1 Kh6 38. Kg1 Bf8 39. Rf1 Qe5 40.
Rxf5 Qxf5 41. Qe3+ g5 42. Rc3 Qd5 43. a4 Qd1+ 44. Kf2 Qd5 45. a5 Bd6 46. Qd3
Bg3+ 47. Kf1 Qe6 48. Qe3 Qd5 49. Qe2 Be5 50. Qd3 Qe6 51. Rb3 Qf6+ 52. Kg1 Bc7
53. c4 Bxa5 54. c5 Bc7 55. Ra3 Qf4 56. Ra6+ Kh5 57. Qe2+ 1-0

[Event "BL 1112 SV Mülheim Nord - SK König Tege"]
[Site "?"]
[Date "2011.12.10"]
[Round "6.5"]
[White "Breier, Andreas"]
[Black "Feygin, Michael"]
[Result "0-1"]
[WhiteElo "2400"]
[BlackElo "2521"]
[PlyCount "102"]
[EventDate "2011.??.??"]

1. d4 e6 2. c4 Nf6 3. Nf3 c5 4. d5 b5 5. cxb5 exd5 6. Bg5 Bb7 7. e3 a6 8. Nc3
Be7 9. Bxf6 Bxf6 10. Nxd5 Bxb2 11. Rb1 Qa5+ 12. Qd2 axb5 13. Qxa5 Rxa5 14. Nc7+
Kd8 15. Nxb5 Bf6 16. Bc4 Ke7 17. O-O Be4 18. Nc7 Bxb1 19. Nd5+ Kd8 20. Rxb1 Nc6
21. g4 Ra4 22. Nd2 h5 23. h3 hxg4 24. hxg4 Rh4 25. f3 Be5 26. Bb3 Ra5 27. Nc4
Ra7 28. Rd1 Bb8 29. Nd2 Ne5 30. Rc1 Rh2 31. f4 Rxd2 32. fxe5 Ra5 33. Nb6 Rb5
34. Nc4 Rd3 35. Rf1 Ke7 36. Nd6 Bxd6 37. Bc4 Rb4 38. Bxd3 Rxg4+ 39. Kf2 Bxe5
40. Kf3 Ra4 41. Rc1 Ra3 42. Bc4 f5 43. Bb3 d6 44. Rh1 Ra8 45. Bd5 Ra4 46. Rb1
g5 47. Rb7+ Kf6 48. Bb3 Rh4 49. Bd5 Rh2 50. e4 g4+ 51. Ke3 f4+ 0-1

[Event "BL 1112 SV Mülheim Nord - SK König Tege"]
[Site "?"]
[Date "2011.12.10"]
[Round "6.6"]
[White "Hausrath, Daniel"]
[Black "Muse, Drazen"]
[Result "1/2-1/2"]
[WhiteElo "2507"]
[BlackElo "2388"]
[PlyCount "60"]
[EventDate "2011.??.??"]

1. Nf3 c5 2. c4 Nc6 3. Nc3 g6 4. e3 d6 5. d4 Bg4 6. Be2 Bg7 7. d5 Bxf3 8. Bxf3
Ne5 9. Be2 Nf6 10. O-O O-O 11. f4 Ned7 12. e4 Re8 13. Bf3 e6 14. dxe6 Rxe6 15.
f5 Re8 16. fxg6 hxg6 17. Qxd6 Ne5 18. Qxd8 Raxd8 19. Bg5 Rd4 20. Nb5 Rd7 21.
Rad1 Rxd1 22. Rxd1 Nxc4 23. b3 Ne5 24. Rd6 Nh7 25. Be3 Bf8 26. Rd1 Nf6 27. Bf4
c4 28. Nc7 Nxf3+ 29. gxf3 Rc8 30. Be5 cxb3 1/2-1/2

[Event "BL 1112 SV Mülheim Nord - SK König Tege"]
[Site "?"]
[Date "2011.12.10"]
[Round "6.7"]
[White "Sarbok, Torsten"]
[Black "Levin, Felix"]
[Result "1/2-1/2"]
[WhiteElo "2349"]
[BlackElo "2482"]
[PlyCount "55"]
[EventDate "2011.??.??"]

1. e4 e5 2. Nf3 Nc6 3. Bb5 Nf6 4. Qe2 a6 5. Ba4 Be7 6. O-O O-O 7. Bxc6 bxc6 8.
Nxe5 Bc5 9. Nf3 Re8 10. e5 d6 11. d4 Bb6 12. Qd3 dxe5 13. dxe5 Qxd3 14. cxd3
Nd5 15. d4 Bg4 16. Be3 Bxf3 17. gxf3 Nxe3 18. fxe3 c5 19. d5 c4 20. Na3 Rxe5
21. Nxc4 Rxd5 22. Rad1 Rad8 23. Rxd5 Rxd5 24. Rc1 Bc5 25. Kg2 f5 26. f4 Kf7 27.
Kf3 Ke6 28. Rg1 1/2-1/2

[Event "BL 1112 SV Mülheim Nord - SK König Tege"]
[Site "?"]
[Date "2011.12.10"]
[Round "6.8"]
[White "Saltaev, Mihail"]
[Black "Kachibadze, Georg"]
[Result "1-0"]
[WhiteElo "2484"]
[BlackElo "2340"]
[PlyCount "87"]
[EventDate "2011.??.??"]

1. e4 c5 2. Nf3 d6 3. d4 cxd4 4. Nxd4 Nf6 5. Nc3 Nc6 6. Bc4 e5 7. Nde2 Be7 8.
O-O O-O 9. Ng3 Be6 10. Bb3 Nd4 11. Bxe6 fxe6 12. Be3 Nc6 13. Bg5 Qb6 14. b3
Rac8 15. Na4 Qc7 16. c4 Rf7 17. Rc1 Nd7 18. Be3 Nc5 19. Nc3 a6 20. Qg4 Rf6 21.
Rfd1 Rcf8 22. Qe2 R6f7 23. Qb2 Nb4 24. Qe2 Nc6 25. Rd2 Bf6 26. Qd1 Nd4 27. Nce2
Nxe2+ 28. Qxe2 Bh4 29. Qg4 Be7 30. b4 Rf4 31. Bxf4 Rxf4 32. Qe2 Nd7 33. Rcd1 b6
34. Rc2 Nb8 35. Nh5 Rf7 36. Qg4 Nc6 37. Qxe6 Nd4 38. Rxd4 exd4 39. Nf4 g6 40.
Nd5 Qd8 41. Rd2 Bf6 42. Nxf6+ Qxf6 43. Qxf6 Rxf6 44. Rxd4 1-0

[Event "BL 1112 SG Solingen - Schachfr. Berlin"]
[Site "?"]
[Date "2011.12.11"]
[Round "7.2"]
[White "Smeets, Jan"]
[Black "Kraemer, Martin"]
[Result "1/2-1/2"]
[WhiteElo "2619"]
[BlackElo "2492"]
[PlyCount "167"]
[EventDate "2011.??.??"]

1. e4 e5 2. Nf3 Nc6 3. Bb5 a6 4. Bxc6 dxc6 5. O-O Bg4 6. h3 h5 7. d3 Qf6 8.
Nbd2 Ne7 9. Re1 Ng6 10. d4 Nf4 11. hxg4 hxg4 12. g3 gxf3 13. Qxf3 Ne6 14. dxe5
Qxe5 15. Qf5 Qb5 16. Nf3 g6 17. Qxb5 axb5 18. c3 b4 19. cxb4 Bxb4 20. Re2 Rh5
21. Kg2 Ke7 22. e5 Rf5 23. Re4 c5 24. a3 Rh5 25. Be3 Ba5 26. Rc1 Bb6 27. Ne1
Rah8 28. Nd3 Rh2+ 29. Kf3 R8h5 30. b4 cxb4 31. Bxb6 cxb6 32. Rxb4 Nc5 33. Nxc5
bxc5 34. Rxb7+ Kf8 35. Rxc5 Rf5+ 36. Kg4 Rhxf2 37. Rc8+ Kg7 38. e6 Re2 39. Re8
Re4+ 40. Kh3 Kh6 41. exf7 Rxf7 42. Rxe4 Rxb7 43. Rb4 Rc7 44. a4 Rc3 45. Kg4 Ra3
46. Kf4 g5+ 47. Kg4 Kg6 48. Rb6+ Kh7 49. Ra6 Kg7 50. Ra8 Kg6 51. Ra7 Kh6 52.
Ra5 Kh7 53. Ra6 Kg7 54. a5 Kf7 55. Ra8 Kg6 56. Ra6+ Kf7 57. Ra8 Kg6 58. a6 Ra4+
59. Kf3 Kg7 60. Ra7+ Kg6 61. Ra8 Kg7 62. Ke2 Ra3 63. g4 Ra4 64. a7 Ra3 65. Kd2
Ra1 66. Kd3 Ra3+ 67. Kd4 Ra1 68. Kd5 Rd1+ 69. Ke6 Re1+ 70. Kf5 Rf1+ 71. Kxg5
Ra1 72. Rb8 Rxa7 73. Rb5 Ra6 74. Rb7+ Kg8 75. Rd7 Ra5+ 76. Kh6 Ra6+ 77. Kh5
Ra5+ 78. Kh4 Rb5 79. Re7 Ra5 80. Kg3 Ra4 81. Re5 Kg7 82. Kh4 Ra6 83. Rg5+ Kh6
84. Rh5+ 1/2-1/2

[Event "BL 1112 SG Solingen - Schachfr. Berlin"]
[Site "?"]
[Date "2011.12.11"]
[Round "7.3"]
[White "Antoniewski, Rafal"]
[Black "L'Ami, Erwin"]
[Result "1/2-1/2"]
[WhiteElo "2585"]
[BlackElo "2592"]
[PlyCount "37"]
[EventDate "2011.??.??"]

1. e4 c6 2. Nc3 d5 3. Nf3 dxe4 4. Nxe4 Bf5 5. Ng3 Bg4 6. h3 Bxf3 7. Qxf3 Nf6 8.
Bc4 e6 9. O-O Nbd7 10. Re1 Be7 11. c3 O-O 12. d4 Re8 13. Nh5 Nxh5 14. Qxh5 Nf6
15. Qf3 Nd5 16. Qg4 Nf6 17. Qf3 Nd5 18. Qg4 Nf6 19. Qf3 1/2-1/2

[Event "BL 1112 SG Solingen - Schachfr. Berlin"]
[Site "?"]
[Date "2011.12.11"]
[Round "7.5"]
[White "Lauber, Arnd"]
[Black "Jussupow, Artur"]
[Result "0-1"]
[WhiteElo "2464"]
[BlackElo "2566"]
[PlyCount "86"]
[EventDate "2011.??.??"]

1. d4 Nf6 2. c4 e6 3. Nc3 Bb4 4. e3 c5 5. Bd3 Nc6 6. Nf3 Bxc3+ 7. bxc3 d6 8.
O-O e5 9. Ng5 O-O 10. f4 exd4 11. cxd4 Re8 12. d5 Nb4 13. Bb1 h6 14. Nf3 b5 15.
a3 Na6 16. Re1 bxc4 17. e4 Rb8 18. h3 c3 19. Qd3 c4 20. Qxc4 Nc5 21. e5 Ba6 22.
Qxc3 Nxd5 23. Qd4 Nb3 24. Qxd5 Nxa1 25. Qe4 g6 26. Ba2 Nb3 27. Qd5 Rb5 28. Qc6
Rc5 29. Qxa6 Nxc1 30. Bb1 Qb6 31. Qxb6 axb6 32. Nd2 d5 33. Nf3 Rc4 34. Kh2 d4
35. Nd2 Rc6 36. Be4 Rc3 37. Bd5 Rd8 38. Ne4 Nd3 39. Rb1 Nxf4 40. Nxc3 dxc3 41.
Bb3 Rd2 42. Rf1 Rxg2+ 43. Kh1 Rb2 0-1

[Event "BL 1112 SG Solingen - Schachfr. Berlin"]
[Site "?"]
[Date "2011.12.11"]
[Round "7.7"]
[White "Polzin, Rainer"]
[Black "Hoffmann, Michael"]
[Result "1/2-1/2"]
[WhiteElo "2469"]
[BlackElo "2496"]
[PlyCount "118"]
[EventDate "2011.??.??"]

1. e4 c5 2. Nc3 d6 3. f4 g6 4. Nf3 Bg7 5. Bc4 Nc6 6. O-O Nf6 7. d3 O-O 8. Qe1
Nd4 9. Nxd4 cxd4 10. Nd5 Nxd5 11. Bxd5 e6 12. Bb3 a5 13. a4 Kh8 14. Bd2 f5 15.
Qg3 b6 16. Rae1 Qf6 17. e5 Qd8 18. h4 Ra7 19. Qh2 dxe5 20. h5 gxh5 21. fxe5 Rg8
22. Qxh5 Bf8 23. Bf4 Bb7 24. Re2 Bd5 25. Bxd5 Qxd5 26. Qf3 Qxf3 27. Rxf3 Rc7
28. Kf1 Bb4 29. Rh3 Rgc8 30. Rh6 Rc6 31. g3 Bf8 32. Rhh2 Rc5 33. b3 Bg7 34. Ke1
b5 35. axb5 Rxb5 36. Rh5 Rc7 37. Rh4 a4 38. bxa4 Rb1+ 39. Kf2 Ra1 40. Kf3 Rf1+
41. Kg2 Ra1 42. Bg5 Bxe5 43. g4 Kg8 44. Bd8 Rc8 45. Rxe5 Rxd8 46. Rxe6 fxg4 47.
Rxg4+ Kf7 48. Rh6 Rxa4 49. Rxh7+ Kf6 50. c4 Ra2+ 51. Kf3 Rd2 52. Rh6+ Kf5 53.
Rh5+ Kf6 54. Rh6+ Kf5 55. Rh5+ Kf6 56. Ke4 Re2+ 57. Kf4 Rf2+ 58. Ke4 Re2+ 59.
Kf4 Rf2+ 1/2-1/2

[Event "BL 1112 SG Solingen - Schachfr. Berlin"]
[Site "?"]
[Date "2011.12.11"]
[Round "7.8"]
[White "Andersen, Mads"]
[Black "Thiede, Lars"]
[Result "1-0"]
[WhiteElo "2398"]
[BlackElo "2458"]
[PlyCount "93"]
[EventDate "2011.??.??"]

1. e4 g6 2. d4 Bg7 3. Nc3 d6 4. f4 a6 5. Nf3 b5 6. Bd3 Nd7 7. e5 c5 8. Ng5 cxd4
9. e6 f5 10. Nd5 Nc5 11. Nf7 Bxe6 12. Nxd8 Bxd5 13. b4 Nxd3+ 14. cxd3 Rxd8 15.
O-O Nh6 16. Re1 Rd7 17. a4 O-O 18. axb5 axb5 19. Ra5 Rb8 20. Bb2 e5 21. Qa1
Rbb7 22. h3 Kf7 23. Rc1 Bf8 24. Rc8 Be7 25. Qe1 Bf6 26. Bxd4 Re7 27. fxe5 dxe5
28. Bc5 Re6 29. Raa8 g5 30. Rf8+ Kg6 31. Rfe8 Rxe8 32. Rxe8 Rd7 33. Rb8 e4 34.
dxe4 Bxe4 35. Rxb5 Nf7 36. Rb6 Kg7 37. Bf8+ Kxf8 38. Rxf6 Rd3 39. Qc1 Kg7 40.
Qb2 Rd1+ 41. Kh2 Kg8 42. b5 Rd7 43. b6 Re7 44. Qb4 Rd7 45. Qc3 Re7 46. Qc8+ Kg7
47. Re6 1-0

[Event "BL 1112 SC Remagen - Hamburger SK"]
[Site "?"]
[Date "2011.12.11"]
[Round "7.3"]
[White "Huschenbeth, Niclas"]
[Black "Goloshchapov, Alexander"]
[Result "1-0"]
[WhiteElo "2510"]
[BlackElo "2580"]
[PlyCount "75"]
[EventDate "2011.??.??"]

1. e4 e6 2. d4 d5 3. Nd2 c5 4. Ngf3 cxd4 5. Nxd4 Nc6 6. Nxc6 bxc6 7. c4 Nf6 8.
Qa4 dxe4 9. Be2 Qc7 10. b4 Rb8 11. a3 Bd6 12. Bb2 e3 13. fxe3 Bxh2 14. Bf3 Bg3+
15. Ke2 Bd7 16. c5 e5 17. Qc2 Bc8 18. Nc4 O-O 19. Rad1 g6 20. Rd6 Qe7 21. Bxc6
Bf5 22. Qc3 Rfe8 23. Nxe5 Bxe5 24. Qxe5 Qxe5 25. Bxe5 Rxe5 26. Rxf6 a5 27. Rh4
axb4 28. axb4 Rd8 29. Rd6 Rc8 30. Rhd4 Kg7 31. Rd2 Rc7 32. Bd7 Be4 33. Kf2 Ra7
34. R6d4 Ra3 35. c6 Rc3 36. b5 f5 37. Rb4 Kf6 38. b6 1-0

[Event "BL 1112 SC Remagen - Hamburger SK"]
[Site "?"]
[Date "2011.12.11"]
[Round "7.4"]
[White "Dgebuadze, Alexandre"]
[Black "Ftacnik, Lubomir Dr"]
[Result "1-0"]
[WhiteElo "2544"]
[BlackElo "2570"]
[PlyCount "71"]
[EventDate "2011.??.??"]

1. e4 c5 2. Nf3 d6 3. d4 cxd4 4. Nxd4 Nf6 5. Nc3 a6 6. Be3 e6 7. Qd2 b5 8. f3
b4 9. Na4 Nbd7 10. c4 bxc3 11. Nxc3 Bb7 12. Bc4 d5 13. exd5 Nb6 14. Bb3 Nfxd5
15. Nxd5 Bxd5 16. O-O Bxb3 17. Nxb3 Nc4 18. Qc3 Nxe3 19. Qc6+ Ke7 20. Qc5+ Ke8
21. Qxe3 Rb8 22. Rac1 Qb6 23. Qxb6 Rxb6 24. Rc8+ Ke7 25. Rd1 Rd6 26. Rxd6 Kxd6
27. Ra8 Kd5 28. Kf1 f5 29. Rd8+ Ke5 30. Nc5 Kf6 31. Nxa6 Ke7 32. Rb8 e5 33. b4
h5 34. b5 Rh6 35. b6 Kf7 36. Rxf8+ 1-0

[Event "BL 1112 SC Remagen - Hamburger SK"]
[Site "?"]
[Date "2011.12.11"]
[Round "7.6"]
[White "Bok, Benjamin"]
[Black "Mueller, Karsten Dr"]
[Result "1/2-1/2"]
[WhiteElo "2488"]
[BlackElo "2534"]
[PlyCount "86"]
[EventDate "2011.??.??"]

1. e4 e6 2. d4 d5 3. Nd2 dxe4 4. Nxe4 Bd7 5. Nf3 Bc6 6. Bd3 Nd7 7. O-O Ngf6 8.
Ng3 Be7 9. c4 O-O 10. b3 b6 11. Bb2 Bb7 12. Qe2 Re8 13. Rad1 Qc8 14. Ne5 c5 15.
Bb1 cxd4 16. Bxd4 Nxe5 17. Qxe5 Bf8 18. Nh5 Nxh5 19. Qxh5 f5 20. Rd3 g6 21. Qg5
e5 22. Bb2 Qe6 23. Re1 e4 24. Rdd1 Bg7 25. Bxg7 Kxg7 26. Qg3 Qe7 27. Qc3+ Kg8
28. b4 Rad8 29. Bc2 Qg7 30. Qxg7+ Kxg7 31. Ba4 Rf8 32. c5 bxc5 33. bxc5 Rc8 34.
Rd7+ Rf7 35. Red1 Bc6 36. Rxf7+ Kxf7 37. Bxc6 Rxc6 38. Rd7+ Ke6 39. Rxa7 Rxc5
40. g3 Rc1+ 41. Kg2 Rc2 42. Kg1 g5 43. Ra6+ Ke5 1/2-1/2

[Event "BL 1112 SC Remagen - Hamburger SK"]
[Site "?"]
[Date "2011.12.11"]
[Round "7.7"]
[White "Heinemann, Thies"]
[Black "Seel, Christian"]
[Result "1-0"]
[WhiteElo "2469"]
[BlackElo "2481"]
[PlyCount "91"]
[EventDate "2011.??.??"]

1. e4 g6 2. d4 Bg7 3. Nf3 d6 4. Nc3 a6 5. a4 b6 6. Bc4 e6 7. O-O Ne7 8. Re1 h6
9. h3 Bb7 10. Bf4 g5 11. Bh2 Nd7 12. Qd3 Ng6 13. Qe3 O-O 14. Rad1 Qe7 15. Ne2
Kh8 16. Ng3 Nf4 17. Ne2 Ng6 18. c3 Rae8 19. Ng3 Nf4 20. Ne2 Ng6 21. Ng3 Nf4 22.
h4 Rg8 23. hxg5 hxg5 24. Ne2 Nxe2+ 25. Qxe2 a5 26. Nd2 Qf6 27. e5 dxe5 28. dxe5
Qg6 29. Nb3 Nf8 30. Bb5 Rc8 31. Nd4 c5 32. Bd3 Qh6 33. Nb5 Ng6 34. Nd6 Rc7 35.
Be4 Bxe4 36. Qxe4 Nf4 37. Re3 f5 38. exf6 Qxf6 39. Nc4 Rb8 40. Rd6 Rd8 41. Bxf4
gxf4 42. Rh3+ Kg8 43. Rxe6 Qg5 44. Nd6 Rcd7 45. Re8+ Bf8 46. Qe6+ 1-0

[Event "BL 1112 SC Remagen - Hamburger SK"]
[Site "?"]
[Date "2011.12.11"]
[Round "7.8"]
[White "Kipper, Jens"]
[Black "Sebastian, Dirk"]
[Result "1/2-1/2"]
[WhiteElo "2382"]
[BlackElo "2446"]
[PlyCount "41"]
[EventDate "2011.??.??"]

1. Nf3 g6 2. d4 Bg7 3. c4 d6 4. Nc3 e5 5. dxe5 dxe5 6. Qxd8+ Kxd8 7. Bd2 Be6 8.
O-O-O Nd7 9. Ng5 Bxc4 10. e4 Be6 11. Nxe6+ fxe6 12. Bc4 Ke7 13. Nb5 Bh6 14.
Bxe6 Nc5 15. Bxg8 Bxd2+ 16. Kxd2 Raxg8 17. Rc1 Nxe4+ 18. Ke3 Nf6 19. Rxc7+ Ke6
20. Nc3 Rb8 21. Rd1 1/2-1/2

[Event "BL 1112 SV Wattenscheid - SG Turm Trier"]
[Site "?"]
[Date "2011.12.11"]
[Round "7.1"]
[White "Lupulescu, Constantin"]
[Black "Najer, Evgeniy"]
[Result "1/2-1/2"]
[WhiteElo "2655"]
[BlackElo "2637"]
[PlyCount "101"]
[EventDate "2011.??.??"]

1. d4 d5 2. c4 c6 3. Nf3 Nf6 4. e3 Bg4 5. h3 Bh5 6. Qb3 Qb6 7. Nc3 e6 8. Ne5
Nfd7 9. Nd3 Bg6 10. Qd1 h6 11. Nf4 Bh7 12. Nh5 Qd8 13. Be2 Bg6 14. O-O Na6 15.
cxd5 cxd5 16. e4 dxe4 17. d5 e5 18. d6 f5 19. Bc4 Rc8 20. Qd5 Bxh5 21. Qe6+ Be7
22. Qxf5 Bg5 23. Nxe4 Rxc4 24. Qe6+ Kf8 25. Qxc4 Bf6 26. Be3 Nb6 27. Bxb6 axb6
28. f4 Bf7 29. Qc3 exf4 30. Nxf6 gxf6 31. Rad1 Nc5 32. Rxf4 Nd7 33. Re1 Ne5 34.
Ref1 Nd7 35. Re1 Ne5 36. Ref1 Nd7 37. Qf3 Rg8 38. Qxb7 Rg5 39. Rf5 Rxf5 40.
Rxf5 Bxa2 41. Rf4 Bf7 42. Re4 Ne5 43. Qc7 Ke8 44. Qc6+ Kf8 45. Qc7 Ke8 46. Rf4
h5 47. Qxd8+ Kxd8 48. Rxf6 Kd7 49. Kh2 Be8 50. Kg3 Nc4 51. Rf2 1/2-1/2

[Event "BL 1112 SV Wattenscheid - SG Turm Trier"]
[Site "?"]
[Date "2011.12.11"]
[Round "7.2"]
[White "Bartel, Mateusz"]
[Black "Erdoes, Viktor"]
[Result "1/2-1/2"]
[WhiteElo "2627"]
[BlackElo "2608"]
[PlyCount "42"]
[EventDate "2011.??.??"]

1. c4 Nf6 2. Nc3 e5 3. Nf3 Nc6 4. a3 d5 5. cxd5 Nxd5 6. Qc2 Nxc3 7. bxc3 Bd6 8.
g3 Qe7 9. d3 b6 10. Bg2 Bb7 11. Nh4 g6 12. O-O O-O-O 13. a4 Na5 14. e4 Kb8 15.
Nf3 f6 16. Bd2 c5 17. c4 Ka8 18. Bxa5 bxa5 19. Nd2 Bc6 20. Rfb1 Rb8 21. Rb5 Bc7
1/2-1/2

[Event "BL 1112 SV Wattenscheid - SG Turm Trier"]
[Site "?"]
[Date "2011.12.11"]
[Round "7.3"]
[White "Bobras, Piotr"]
[Black "Bogner, Sebastian"]
[Result "1/2-1/2"]
[WhiteElo "2544"]
[BlackElo "2534"]
[PlyCount "50"]
[EventDate "2011.??.??"]

1. e4 c5 2. Nf3 d6 3. d4 cxd4 4. Nxd4 Nf6 5. Nc3 a6 6. Bg5 e6 7. f4 h6 8. Bh4
Be7 9. Qf3 Qc7 10. O-O-O Nbd7 11. Be2 O-O 12. Qg3 Nc5 13. Bf3 e5 14. Nde2 Be6
15. f5 Bc4 16. Bxf6 Bxf6 17. b3 Bxe2 18. Bxe2 Rac8 19. Nd5 Bg5+ 20. Kb1 Nxe4
21. Nxc7 Nxg3 22. hxg3 Rxc7 23. Rxd6 e4 24. c4 Re8 25. Rhd1 Kf8 1/2-1/2

[Event "BL 1112 SV Wattenscheid - SG Turm Trier"]
[Site "?"]
[Date "2011.12.11"]
[Round "7.4"]
[White "Rustemov, Alexander"]
[Black "Cyborowski, Lukasz"]
[Result "0-1"]
[WhiteElo "2537"]
[BlackElo "2543"]
[PlyCount "102"]
[EventDate "2011.??.??"]

1. d4 Nf6 2. c4 e6 3. Nf3 d5 4. Bg5 Be7 5. e3 O-O 6. Nc3 h6 7. Bh4 b6 8. Rc1
Bb7 9. Bxf6 Bxf6 10. cxd5 exd5 11. b4 c6 12. Bd3 Nd7 13. O-O c5 14. bxc5 bxc5
15. Bf5 cxd4 16. Nxd4 g6 17. Bxd7 Qxd7 18. Qf3 Be5 19. Rfd1 Rac8 20. h3 Rc5 21.
Nce2 Rxc1 22. Rxc1 Rc8 23. Rb1 Ba6 24. Nf4 Bc4 25. a3 Rb8 26. Qd1 Rxb1 27. Qxb1
Qd6 28. Qc1 Qb6 29. Qd1 Bxd4 30. Qxd4 Qxd4 31. exd4 Kf8 32. g3 Ke7 33. Ng2 Kd6
34. Ne3 Bb3 35. Ng4 Kc6 36. Nxh6 Kb5 37. Nxf7 Ka4 38. Nd6 a6 39. Nb7 Kxa3 40.
f4 Kb4 41. Kf2 a5 42. Nxa5 Kxa5 43. g4 Ba4 44. Kg3 Kb4 45. Kh4 Kc4 46. Kg5 Kxd4
47. h4 Ke4 48. f5 gxf5 49. gxf5 Be8 50. f6 Ke5 51. h5 Bxh5 0-1

[Event "BL 1112 SV Wattenscheid - SG Turm Trier"]
[Site "?"]
[Date "2011.12.11"]
[Round "7.5"]
[White "Gordon, Stephen"]
[Black "Appel, Ralf"]
[Result "1/2-1/2"]
[WhiteElo "2535"]
[BlackElo "2529"]
[PlyCount "100"]
[EventDate "2011.??.??"]

1. d4 Nf6 2. c4 d6 3. Nc3 e5 4. Nf3 Nbd7 5. e4 Be7 6. g3 O-O 7. Bg2 c6 8. O-O
a6 9. Qc2 Qc7 10. b3 b5 11. Bb2 bxc4 12. bxc4 Re8 13. Rad1 Bf8 14. c5 dxc5 15.
dxe5 Ng4 16. Na4 Rb8 17. Nd2 Ngxe5 18. f4 Ng4 19. Nc4 a5 20. Bf3 Ngf6 21. Rfe1
Ba6 22. Ne3 c4 23. Bd4 Bb4 24. Re2 c5 25. Bxf6 Nxf6 26. e5 Nd7 27. Nxc4 Nf8 28.
Re3 Ne6 29. Nd6 Re7 30. a3 Nd4 31. Qe4 Nxf3+ 32. Qxf3 c4 33. axb4 axb4 34. Qd5
c3 35. Qc5 Qd8 36. Nxc3 bxc3 37. Rxc3 g6 38. Ra1 Be2 39. Ra7 Bg4 40. Rxe7 Qxe7
41. Rc2 Qd7 42. Qc7 Rb1+ 43. Kf2 Rb2 44. Ke3 Rxc2 45. Qxc2 Qa7+ 46. Kd3 Qa3+
47. Qc3 Qa2 48. Qc2 Qa3+ 49. Qc3 Qa2 50. Qc2 Qa3+ 1/2-1/2

[Event "BL 1112 SV Wattenscheid - SG Turm Trier"]
[Site "?"]
[Date "2011.12.11"]
[Round "7.6"]
[White "Handke, Florian"]
[Black "Jaracz, Pawel"]
[Result "1/2-1/2"]
[WhiteElo "2518"]
[BlackElo "2558"]
[PlyCount "83"]
[EventDate "2011.??.??"]

1. d4 d5 2. Nf3 Nf6 3. c4 dxc4 4. e3 e6 5. Bxc4 a6 6. O-O c5 7. Qe2 b5 8. Bd3
Nbd7 9. Rd1 Bb7 10. a4 b4 11. Nbd2 cxd4 12. exd4 Be7 13. a5 O-O 14. Nc4 Qb8 15.
Bg5 Re8 16. Nfe5 Bd5 17. Bxf6 Nxf6 18. Nb6 Bb7 19. Nbd7 Qc7 20. Rac1 Qxa5 21.
Nxf6+ Bxf6 22. Bxh7+ Kf8 23. Rc5 Qd8 24. Qh5 g6 25. Bxg6 fxg6 26. Qh6+ Bg7 27.
Qf4+ Bf6 28. Rc7 g5 29. Rf7+ Kg8 30. Qg4 Bxe5 31. dxe5 Kxf7 32. Qh5+ Kg7 33.
Rxd8 Raxd8 34. Qxg5+ Kh7 35. Qh5+ Kg7 36. Qg5+ Kh7 37. h4 Bd5 38. Qh5+ Kg7 39.
Qg5+ Kh7 40. Qh5+ Kg7 41. Qg4+ Kh8 42. Qh5+ 1/2-1/2

[Event "BL 1112 SV Wattenscheid - SG Turm Trier"]
[Site "?"]
[Date "2011.12.11"]
[Round "7.7"]
[White "Cioara, Andrei Nestor"]
[Black "Hirneise, Tobias"]
[Result "1/2-1/2"]
[WhiteElo "2436"]
[BlackElo "2446"]
[PlyCount "63"]
[EventDate "2011.??.??"]

1. d4 Nf6 2. c4 g6 3. g3 Bg7 4. Bg2 O-O 5. Nc3 d6 6. Nf3 Nc6 7. O-O a6 8. h3
Bd7 9. e4 e5 10. dxe5 Nxe5 11. c5 Nxf3+ 12. Qxf3 Bc6 13. cxd6 Qxd6 14. Bf4 Qe7
15. Nd5 Bxd5 16. exd5 Ne8 17. Rae1 Qd8 18. h4 Nd6 19. Bg5 Qc8 20. b3 Re8 21. h5
Qf5 22. Qxf5 Nxf5 23. hxg6 hxg6 24. Bf4 Nd6 25. Bf3 Rac8 26. Rxe8+ Rxe8 27. Rc1
Re7 28. Kf1 Ne8 29. Rc4 Nd6 30. Rc1 Ne8 31. Rc4 Nd6 32. Rc1 1/2-1/2

[Event "BL 1112 Hansa Dortmund - OSG Baden Bade"]
[Site "?"]
[Date "2011.12.11"]
[Round "7.4"]
[White "Wegener, Olaf"]
[Black "Kasimdzhanov, Rustam"]
[Result "0-1"]
[WhiteElo "2423"]
[BlackElo "2678"]
[PlyCount "96"]
[EventDate "2011.??.??"]

1. e4 e5 2. Nf3 Nc6 3. Bb5 a6 4. Ba4 Nf6 5. O-O Be7 6. Re1 b5 7. Bb3 d6 8. c3
O-O 9. h3 Nb8 10. d4 Nbd7 11. Nbd2 Bb7 12. a4 c5 13. d5 c4 14. Bc2 Nc5 15. Nf1
Qc7 16. Bg5 h6 17. Bd2 Rfb8 18. Qe2 Bc8 19. axb5 axb5 20. Reb1 Ra5 21. Rxa5
Qxa5 22. Ng3 Qa2 23. Qd1 Ra8 24. Be3 Qa7 25. Nd2 Bd8 26. b4 cxb3 27. Nxb3 Bb6
28. Nxc5 Bxc5 29. Nf1 Bd7 30. Bd3 Bxe3 31. Nxe3 Qc5 32. Qd2 Ra4 33. Qc2 g6 34.
Kh2 Kg7 35. Nd1 h5 36. f3 h4 37. Qd2 Nh5 38. Qe3 Qc7 39. Bxb5 Bxb5 40. Rxb5 Ra1
41. Qd3 Nf4 42. Qf1 Qa7 43. Rb2 Qa4 44. Rd2 Nh5 45. Kg1 Ng3 46. Qe1 f5 47. exf5
gxf5 48. Kh2 Nf1+ 0-1